1661 1573 1777 1512 1696 1769 1840 1961 1669 1451 1916 1673 1103 1669 1119 1070 1614 1239 1884 1655 1370 1897 1588 1104 1385 1523 1363 1384 1359 1789 1035 1258 1503 1040 1249 1967 1118 1831 1720 1964 1490 1405 1683 1319 1842 1519 1969 1527 1274 1858 1262 1144 1687 1087 1910 1511 1537 1252 1705 1261 1680 1424 1557 1119 1518 1355 1801 1161 1474 1894 1298 1783 1320 1055 1606 1572 1096 1934 1947 1485 1029 1245 1340 1318 1654 1198 1615 1789 1014 1960 1161 1907 1527 1913 1894 1939 1238 1754 1590 BCNSPRNW ULIB Ver.6.0+V

เปลี่ยนเป็นภาษาไทย

Change to English
 แสดงรายละเอียดบรรณานุกรม
  กลับหน้าหลัก

Brief Record : Get Marc (ISO 2709) : E-mail record : QR code < ปิดหน้าต่าง
LEADER : 00000nam 2200000uu 4500
001    13399124696
003     ULIB
008    160114s2008||||th 000 0 eng d
020    ^a9789773075698
060  4 ^aWA590^bH434
245 00 ^aHealth innovation :^bstories from communities /^c[editor:Niracha Ussavathirakul, Tipicha Posayanonda]
250    ^a2nd ed.
260    ^a[Nonthaburi] :^bNational Health System Reform Office,^cc2008
300    ^a159 p. :^bill
650  0 ^aCommunity development^zThailand
650  0 ^aCommunity Health Services^zThailand
700 0  ^aNiracha Ussavathirakul,^eed
700 0  ^aTipicha Posayanonda,^eed
710 2  ^aNational Health System Reform Office
945    ^p0^l0^i000242
945    ^p0^l0^i000243
999    ^aเกษร โพธิ์สุวรรณ
รายการนี้ยังไม่มีแท็ก
คุณยังไม่ได้ล็อกอิน คุณสามารถมีกิจกรรมร่วมกับเว็บไซต์ได้ แต่ต้องล็อกอินก่อน ::
  ล็อกอิน

รายการสื่อสารสนเทศ

ลำดับที่ ประเภท เลขเรียก/บาร์โค้ด สถานที่ สถานะ
1. วิทยาศาสตร์การแพทย์ และสุขภาพ
วิทยาศาสตร์การแพทย์ และสุขภาพ
WA590 H434 ฉ.1 
  Barcode: 000242
ห้องสมุดวิทยาเขตสวรรค์ประชารักษ์
►หนังสือทั่วไป
บนชั้น
2. วิทยาศาสตร์การแพทย์ และสุขภาพ
วิทยาศาสตร์การแพทย์ และสุขภาพ
WA590 H434 ฉ.2 
  Barcode: 000243
ห้องสมุดวิทยาเขตสวรรค์ประชารักษ์
►หนังสือทั่วไป
บนชั้น

BibComment


ยังไม่เคยถูกคอมเมนท์

คอมเมนท์ทรัพยากรรายการนี้
  คอมเมนท์: Health innovatio..


 Copyright 2026. Bcnsprnw @Library